Score 0/12 Timer 02:00
2 Plays Today
Clue 4-Letter Word % Correct
'For Your Eyes ____'•ONLY•
95.5%
News magazine that selects the Person of the Year•TIME•
93.3%
After-death document•WILL•
92%
Flooring surface that requires groutTILE
92%
____ E. CoyoteWILE
91.9%
Put the ____ in the coconutLIME
89.3%
Like hair in need of shampooOILY
85.9%
Cash drawerTILL
78.1%
Funnywoman TomlinLILY
72.3%
William of Swiss folklore•TELL•
67.5%
Happening right nowLIVE
50.8%
Roman historianLIVY
43.6%

Today's Daily Dose

Remove Ads.
Support Sporcle.
Get the best of Sporcle when you Go Orange. This ad-free experience offers more features, more stats, and more fun while also helping to support Sporcle. Thank you for becoming a member.

You're not logged in!

Compare scores with friends on all Sporcle quizzes.
OR
Log In

Show Comments

Extras

Top Quizzes Today


Score Distribution

Your Account Isn't Verified!

In order to create a playlist on Sporcle, you need to verify the email address you used during registration. Go to your Sporcle Settings to finish the process.

Report this User

Report this user for behavior that violates our Community Guidelines.

Details: